00852nam a22002417a 4500003000500000005001700005008004100022010001000063011001000073035001000083040000900093082001700102111008400119245006800203260006300271300001100334490003800345650002900383650002900412650002600441711010700467830003600574CHAP20220329140919.0971013s1991 r 10010 d a59736 a60708 a64870 cCHAP a711.5524bS400aSeminario Internacional sobre Parques Tecnológicos (d1991c: México, D.F.) aProblemática del desarrollo tecnológico nacionalb: memoria aMéxico, D.F. :bAcademia Mexicana de Ingeniería,c1991 a261 p. aAlternativas tecnológicasv; 3614aIngeniería agrícola.14aIngeniería industrial.14aParques industriales.0 aMesa Redonda sobre la Ingeniería dentro de la Enseñanza Interdisciplinaria (1991 : México, D.F.)0 aAlternativas tecnologicasv; 36